[Event "SVK-chT2B 1718"]
[Site "Slovakia"]
[Date "2018.02.04"]
[Round "7.8"]
[White "Pereszlenyi, Gejza"]
[Black "Berza, Stefan"]
[Result "1/2-1/2"]
[WhiteElo "1907"]
[BlackElo "2022"]
[PlyCount "73"]
[EventDate "2017.10.28"]
[EventType "team-tourn"]
[EventRounds "11"]
[EventCountry "SVK"]
[SourceTitle "EXT 2019"]
[Source "ChessBase"]
[SourceDate "2018.10.10"]
[SourceVersion "1"]
[SourceVersionDate "2018.10.10"]
[SourceQuality "1"]
[WhiteTeam "Tlmace"]
[BlackTeam "Komarno II"]
[WhiteTeamCountry "SVK"]
[BlackTeamCountry "SVK"]

1. d4 c5 2. dxc5 Na6 3. Nf3 Nxc5 4. c4 Nf6 5. Nc3 g6 6. g3 Bg7 7. Bg2 0-0 8. 0-0 d6 9. Nd4 Rb8 10. h3 Ne6 11. Be3 Nxd4 12. Bxd4 Be6 13. Nd5 Bxd5 14. cxd5 a6 15. Qd2 Qd7 16. Kh2 Rbc8 17. Rac1 Qa4 18. b3 Ng4+ 19. hxg4 Qxd4 20. Qxd4 Bxd4 21. e3 Bb2 22. Rc4 Rxc4 23. bxc4 Rc8 24. Rb1 Bf6 25. Bf1 b5 26. cxb5 axb5 27. Kg2 Rc2 28. Rxb5 Rxa2 29. Kf3 Kg7 30. Bd3 h6 31. Bb1 Rd2 32. Kg2 Bg5 33. Kf1 Bf6 34. Be4 Ra2 35. Bb1 Ra1 36. Ke2 Bc3 37. Rb8 1/2-1/2